Responses for show #4487 - Tuesday, February 24, 2004

Arthur Gandolfi game 3.

Contestants

Janice Dooner Lynch, a homemaker from New York, New York

Sean Morris, a college professor from Whittier, California

Arthur Gandolfi, a commercial real estate executive from New York, New York (whose 2-day cash winnings total $73,700)

Jeopardy! Round responses

ISRAEL
ANAGRAMMED BIRDS
FRANCIS SCOTT KEY
I'LL MAKE A NOTE OF IT
FOOD CHAIN
HARRISON FORD MOVIES
    $200 11
diamonds

Janice
    $200 6
turkey

Arthur
    $200 21
the Potomac

Sean
    $200 26
Pisces

Janice
    $200 16
McDonald's

Janice
    $200 1
Raiders of the Lost Ark

Arthur
    $400 12
kibbutz

Sean
    $400 7
ostrich

Arthur
    $400 22
slavery

Arthur
    $400 27
chess

Arthur
    $400 17
China

Arthur
    $400 2
Air Force One

Sean
    $600 13
Haifa

Janice
    $600 8
woodpecker

Arthur
    $600 23
Baltimore

Janice
    $600 28
Louis Braille

Janice
    $600 18
Boston Market

Janice
    $600 3
The Fugitive

Sean
    $800 14
El Al

Arthur
    $800 9
pigeon

Sean
    $800 24
Golden Gate Park

Janice
    $1,200 29
c

Janice
    $800 19
fondue

Sean
    $800 4
Blade Runner

Sean
    $1000 15
Augustus

Janice
    $1000 10
flamingo

Arthur
    $1000 25
Chief Justice of the Supreme Court

Janice
    $1000 30
(Alex: All of the moves are written down.)

dance

Triple Stumper
    $1000 20
Outback

Arthur
    $1000 5
Witness

Triple Stumper

Scores at the first commercial break (after clue 15):

Arthur Sean Janice
$3,200 $3,000 $1,800

Scores at the end of the Jeopardy! Round:

Arthur Sean Janice
$5,400 $4,000 $7,000

Double Jeopardy! Round responses

THE PRODUCERS
HAIRY
LISA
ROCK-Y
GEHRY
I'M "L__X"
(Alex: Each correct response will contain an "L", followed by another letter & then an "X".)
    $400 6
Wisconsin

Arthur
    $400 10
page boy

Arthur
    $400 15
Lisa Kudrow

Janice
    $400 8
(Arthur: What is "Strawberry Field"?)

"Strawberry Fields Forever"

ArthurJanice
    $400 26
Toronto

Arthur
    $400 1
LAX

Sean
    $800 7
Maine

Janice
    $800 11
Dorothy Hamill

Janice
    $800 16
a mouse

Sean
    $800 9
R.E.M.

Sean
    $800 27
cardboard

Sean
    $800 2
lox

Sean
    $1200 18
Florida

Arthur
    $1200 12
the mullet

Arthur
    $1200 17
Monday Night Football

Arthur
    $1200 23
Van Halen

Arthur
    $1200 28
Fred & Ginger

Janice
    $1200 3
Luxury Tax

Sean
    $1600 19
Washington

Janice
    $1,400 13
the Roundheads

Arthur
    $1600 21
Lisa Leslie

Janice
    $3,000 24
Mozart ("Rock Me Amadeus")

Arthur
    $1600 29
Bilbao

Arthur
    $1600 4
Luxor

Arthur
    $2000 20
(Alex: Drive out near Palm Springs & you'll see why...a lot of propellers out there.)

California

Triple Stumper
    $2000 14
tonsure

Sean
    $2000 22
the Baltimore Sun

Arthur
    $2000 25
Les Paul

Arthur
    $2000 30
The Pritzker Prize

Triple Stumper
    $2000 5
lexicon

Arthur

Scores at the end of the Double Jeopardy! Round:

Arthur Sean Janice
$24,600 $10,800 $13,800

[wagering suggestions for these scores]

Final Jeopardy! Round responses

FAMOUS NAMES
SeanWho is Seabiscuit
$10,700
JaniceWho is Seabiscuit?
$13,800
ArthurWho is Seabiscuit
$3,000
Seabiscuit

Final scores:

Arthur Sean Janice
$27,600 $21,500 $27,600
3-day co-champion: $101,300 2nd place: $2,000 New co-champion: $27,600

Game dynamics:

Coryat scores:

Arthur Sean Janice
$23,400 $10,800 $13,400
24 R
(including 2 DDs),
1 W
14 R,
0 W
18 R
(including 1 DD),
0 W

Combined Coryat: $47,600

The J! Archive is created by fans, for fans. The Jeopardy! game show and all elements thereof, including but not limited to copyright and trademark thereto, are the property of Jeopardy Productions, Inc. and are protected under law. This website is not affiliated with, sponsored by, or operated by Jeopardy Productions, Inc. Join the discussion at JBoard.tv.